000
00292nam a2200121Ia 4500
005
20251222154330.0
008
251222s9999||||xx |||||||||||||| ||spa||
020
_a
84-206-0747-9
082
_a
818.9/P81
100
_a
"Poundstone, William"
245
0
_a
El dilema del prisionero
942
_c
LIB
999
_c
34115
_d
34115